[Event "Chioggia op-B 12th"]
[Site "Chioggia"]
[Date "2017.10.08"]
[Round "4"]
[White "Pincin, Samuele"]
[Black "Rizzo, Nicodemo"]
[Result "0-1"]
[WhiteElo "1411"]
[BlackElo "1583"]
[PlyCount "46"]
[EventDate "2017.10.06"]
[EventType "swiss"]
[EventRounds "5"]
[EventCountry "ITA"]
[SourceTitle "EXT 2022"]
[Source "ChessBase"]
[SourceDate "2021.10.06"]
[SourceVersion "1"]
[SourceVersionDate "2021.10.06"]
[SourceQuality "1"]

1. e4 c5 2. Nf3 d6 3. d4 cxd4 4. Nxd4 Nf6 5. Nc3 a6 6. Be3 g6 7. Bc4 Bg7 8. Qd2 0-0 9. 0-0-0 Nc6 10. Nf3 Bg4 11. h4 Rc8 12. Be2 b5 13. Ng5 Bxe2 14. Qxe2 Qa5 15. Kb1 b4 16. Nd5 Nxd5 17. Rxd5 Qc7 18. h5 b3 19. cxb3 Nb4 20. Rc1 Qb7 21. Rdd1 h6 22. Nf3 Qxe4+ 23. Ka1 Nc2+ 0-1

[Event "Chioggia op-B 12th"]
[Site "Chioggia"]
[Date "2017.10.07"]
[Round "3"]
[White "Loris, Stefano"]
[Black "Pincin, Samuele"]
[Result "1-0"]
[WhiteElo "1676"]
[BlackElo "1411"]
[PlyCount "45"]
[EventDate "2017.10.06"]
[EventType "swiss"]
[EventRounds "5"]
[EventCountry "ITA"]
[SourceTitle "EXT 2022"]
[Source "ChessBase"]
[SourceDate "2021.10.06"]
[SourceVersion "1"]
[SourceVersionDate "2021.10.06"]
[SourceQuality "1"]

1. d4 f5 2. c4 Nf6 3. Nc3 e6 4. e3 d5 5. Nf3 c6 6. Be2 Bd6 7. Ne5 Nbd7 8. f4 Ne4 9. Nxe4 fxe4 10. 0-0 0-0 11. Bd2 Rf6 12. g4 h6 13. Be1 Rf8 14. Ng6 Re8 15. Bh4 Nf6 16. g5 hxg5 17. fxg5 Nh7 18. Kh1 Be7 19. Nxe7+ Qxe7 20. Bh5 Rf8 21. Qe2 Bd7 22. Bg6 Qd6 23. Qh5 1-0

[Event "Chioggia op-C 11th"]
[Site "Chioggia"]
[Date "2016.10.08"]
[Round "3"]
[White "Pincin, Samuele"]
[Black "Boldrin, Giuseppe"]
[Result "0-1"]
[WhiteElo "1284"]
[BlackElo "1440"]
[PlyCount "50"]
[EventDate "2016.10.07"]
[EventType "swiss"]
[EventRounds "5"]
[EventCountry "ITA"]
[SourceTitle "EXT 2022"]
[Source "ChessBase"]
[SourceDate "2021.10.06"]
[SourceVersion "1"]
[SourceVersionDate "2021.10.06"]
[SourceQuality "1"]

1. e4 e5 2. Nf3 Nc6 3. d4 exd4 4. Bc4 d6 5. Nxd4 Nxd4 6. Qxd4 Be6 7. Nc3 Nf6 8. Bg5 Be7 9. 0-0 0-0 10. Rad1 h6 11. Rfe1 Ng4 12. Bxe7 Qxe7 13. h3 Ne5 14. Bd5 c6 15. Bxe6 fxe6 16. Qxd6 Qf6 17. Qd2 Nf3+ 18. gxf3 Qg6+ 19. Kf1 Rxf3 20. Re3 Raf8 21. Rxf3 Rxf3 22. Qe2 Rxh3 23. Ke1 Qg5 24. Qd2 Qg1+ 25. Ke2 Qg4+ 0-1